Ceramic Materials for Energy Applications II (Record no. 355666)

000 -LEADER
fixed length control field 02156cam a22003852 b4500
001 - CONTROL NUMBER
control field 10355184
003 - CONTROL NUMBER IDENTIFIER
control field Nust- CAS-E
005 - DATE AND TIME OF LATEST TRANSACTION
control field 20180118181409.0
006 - FIXED-LENGTH DATA ELEMENTS--ADDITIONAL MATERIAL CHARACTERISTICS
fixed length control field m d
007 - PHYSICAL DESCRIPTION FIXED FIELD--GENERAL INFORMATION
fixed length control field cr n
008 - FIXED-LENGTH DATA ELEMENTS--GENERAL INFORMATION
fixed length control field 120411e20121204nju s|||||||| ||eng|d
020 ## - INTERNATIONAL STANDARD BOOK NUMBER
International Standard Book Number 9781118217535
020 ## - INTERNATIONAL STANDARD BOOK NUMBER
International Standard Book Number 1118217535 (Online Resource)
Terms of availability USD 79.95 Retail Price (Publisher)
024 3# - OTHER STANDARD IDENTIFIER
Standard number or code 9781118217535
035 ## - SYSTEM CONTROL NUMBER
System control number (WaSeSS)ssj0000810592
037 ## - SOURCE OF ACQUISITION
Source of stock number/acquisition 00028608
040 ## - CATALOGING SOURCE
Original cataloging agency BIP US
Modifying agency WaSeSS
Transcribing agency DDC
082 ## - DEWEY DECIMAL CLASSIFICATION NUMBER
Edition number 23
Classification number 620.14
Author Mark CER 2013
210 10 - ABBREVIATED TITLE
Abbreviated title Ceramic Materials for Energy Applications II
245 00 - TITLE STATEMENT
Title Ceramic Materials for Energy Applications II
Medium [electronic resource]:
Remainder of title Ceramic Engineering and Science Proceedings
260 ## - PUBLICATION, DISTRIBUTION, ETC.
Name of publisher, distributor, etc. Wiley-American Ceramic Society [Imprint]
Date of publication, distribution, etc. Dec. 2012
Place of publication, distribution, etc. Hoboken :
Name of publisher, distributor, etc. John Wiley & Sons, Incorporated
440 #0 - SERIES STATEMENT/ADDED ENTRY--TITLE
Title Ceramic Engineering and Science Proceedings Ser.
Volume/sequential designation 586
502 ## - DISSERTATION NOTE
Dissertation note 0
506 ## - RESTRICTIONS ON ACCESS NOTE
Terms governing access License restrictions may limit access.
520 8# - SUMMARY, ETC.
Summary, etc. Annotation
Expansion of summary note Dedicated to the innovative design and use of ceramic materials for energy applications, this issue brings readers up to date with some of the most important research discoveries and new and emerging applications in the field. Contributions come from the proceedings of three symposia, as well as the European Union-USA Engineering Ceramics Summit. The three symposia are: Ceramics for Electric Energy Generation, Storage, and Distribution; Advanced Ceramics and Composites for Nuclear and Fusion Applications; and Advanced Materials and Technologies for Rechargeable Batteries. An abundance of charts, tables, and illustrations are included throughout.
521 ## - TARGET AUDIENCE NOTE
Target audience note Scholarly & Professional
Source John Wiley & Sons, Incorporated
700 1# - ADDED ENTRY--PERSONAL NAME
Personal name Belharouak, Ilias
Relator term Editor
Relator code edt
700 1# - ADDED ENTRY--PERSONAL NAME
Personal name Katoh, Yutai
Relator term Editor
Relator code edt
700 1# - ADDED ENTRY--PERSONAL NAME
Personal name Lin, Hua-Tay
Relator term Editor
Relator code edt
710 1# - ADDED ENTRY--CORPORATE NAME
Corporate name or jurisdiction name as entry element Fox Software, Inc. Staff
Relator term Editor
Relator code edt
773 #0 - HOST ITEM ENTRY
Title Wiley-Blackwell Online Books
856 40 - ELECTRONIC LOCATION AND ACCESS
Uniform Resource Identifier <a href="http://www.columbia.edu/cgi-bin/cul/resolve?clio10355184">http://www.columbia.edu/cgi-bin/cul/resolve?clio10355184</a>
Public note Full text available from Wiley-Blackwell Online Books
910 ## - USER-OPTION DATA (OCLC)
User-option data Bowker Global Books in Print record
942 ## - ADDED ENTRY ELEMENTS (KOHA)
Source of classification or shelving scheme
Koha item type Book
Holdings
Withdrawn status Lost status Source of classification or shelving scheme Damaged status Not for loan Collection code Permanent Location Current Location Shelving location Date acquired Source of acquisition Cost, normal purchase price Total Checkouts Full call number Barcode Date last seen Price effective from Koha item type
            US-Pakistan Center for Advanced Studies in Energy (USPCAS-E) US-Pakistan Center for Advanced Studies in Energy (USPCAS-E)   11/13/2015 Multiline Books 6568.00   620.14 CER 2013 CAS-E0000518 11/13/2015 11/13/2015 Book
© 2023 Central Library, National University of Sciences and Technology. All Rights Reserved.